000 00291nam a22001337a 4500
008 170511b xxu||||| |||| 00| 0 eng d
020 _a9781422463277
041 _aeng
080 _27TH
_a343.9
100 _a15
101 _aSHJ
245 _aCRIME PREVENTION
_cLAB, S.P
942 _2udc
_cBK
999 _c13069
_d13069